| 000 | 00656nam a2200229 i 4500 | ||
|---|---|---|---|
| 001 | 90784 | ||
| 003 | ES-MaACL | ||
| 005 | 20250807065803.0 | ||
| 007 | t| | ||
| 008 | 050124s1968 sp ||||1| spa d | ||
| 080 | _a305-055.2 | ||
| 100 | 1 |
_aLeclercq, Jacques. _971094 |
|
| 245 | 1 | 3 |
_aLa mujer hoy y mañana / _cJacques Leclercq ; [tradujo María Teresa Herrera]. |
| 260 |
_aSalamanca : _bSígueme, _c1968. |
||
| 300 |
_a134 p. ; _c19 cm. |
||
| 490 | 1 |
_aHinneni ; _v93 |
|
| 650 | 7 |
_aMujeres _2embne _915251 |
|
| 700 | 1 |
_aHerrera, María Teresa. _963209 |
|
| 830 | 1 |
_aHinneni ; _v93 _9180790 |
|
| 852 | 4 |
_aES-MaACL _jC-51064 |
|
| 999 |
_c90784 _d90784 |
||